Navigation Social Justice/ (Record no. 211573)
[ view plain ]
| 000 -LEADER | |
|---|---|
| fixed length control field | 00951nam a22002417a 4500 |
| 005 - DATE AND TIME OF LATEST TRANSACTION | |
| control field | 20250604122946.0 |
| 010 ## - LCCN (DPL NO) | |
| LC control number | ENG-145163 |
| 020 ## - INTERNATIONAL STANDARD BOOK NUMBER | |
| International Standard Book Number | 9789361633294 |
| Terms of availability | 440.00 |
| 035 ## - SYSTEM CONTROL NUMBER | |
| System control number | EN-128695 |
| 037 ## - SOURCE OF ACQUISITION | |
| Source of stock number/acquisition | DBAD |
| 082 ## - DEWEY DECIMAL CLASSIFICATION NUMBER | |
| Classification number | 574.03 |
| Edition number | 1 |
| 100 ## - MAIN ENTRY--PERSONAL NAME | |
| Personal name | A. Subhashini |
| 245 ## - TITLE STATEMENT | |
| Title | Navigation Social Justice/ |
| Statement of responsibility, etc | A. Subhashini...[et].,al] |
| 250 ## - EDITION STATEMENT | |
| Edition statement | 1 |
| 260 ## - PUBLICATION, DISTRIBUTION, ETC. (IMPRINT) | |
| Place of publication, distribution, etc | Tamil Nadu |
| Name of publisher, distributor, etc | Shanlax Publications |
| Date of publication, distribution, etc | 2024 |
| 270 ## - ADDRESS | |
| Address | Vasantha Nagar, Madhuri |
| City | Tamil Nadu |
| Postal code | 625003 |
| 300 ## - PHYSICAL DESCRIPTION | |
| Extent | 233p. |
| Dimensions | 22cm [pb] |
| 700 ## - ADDED ENTRY--PERSONAL NAME | |
| Personal name | Stuward J, Jerom |
| 9 (RLIN) | 81642 |
| 700 ## - ADDED ENTRY--PERSONAL NAME | |
| Personal name | Gugan S, Sri |
| 9 (RLIN) | 81643 |
| 700 ## - ADDED ENTRY--PERSONAL NAME | |
| Personal name | Kanniga, T |
| 9 (RLIN) | 81644 |
| 700 ## - ADDED ENTRY--PERSONAL NAME | |
| Personal name | Emisa, I |
| 9 (RLIN) | 81645 |
| 942 ## - ADDED ENTRY ELEMENTS (KOHA) | |
| Source of classification or shelving scheme | Dewey Decimal Classification |
| Item type | English Books |
| Call number suffix | SUB |
| Classification part | 574.03 |
| Edition | 1 |
| Withdrawn status | Lost status | Not for loan | Collection code | Home library | Current library | Date acquired | Source of acquisition | Cost, normal purchase price | Full call number | Barcode | Copy number | Cost, replacement price | Koha item type |
|---|---|---|---|---|---|---|---|---|---|---|---|---|---|
| Non-fiction | RC3 Shakur Pur | RC3 Shakur Pur | 04/06/2025 | DBAD | 440.00 | SUB 574.03 | EN-128695 | 1 | 440.00 | English Books |
